| 000 | 01048nam0a22002651 4500 | ||
|---|---|---|---|
| 001 | rc\4464520 | ||
| 005 | 20260406214214.0 | ||
| 035 | _a(NLR Aleph) 008327086 | ||
| 090 |
_a8793466 _c8793466 |
||
| 100 | _a20130416d1966 |||y0rusy50 ca | ||
| 101 | 0 | _arus | |
| 102 | _aRU | ||
| 105 | _ay z ||||| | ||
| 200 | 1 |
_a[Труды] _fПод ред. проф. В.И. Вашкова _gXVI Всесоюз. съезд эпидемиологов, микробиологов и инфекционистов. 29, 30 июня, 1-4 июля 1964 г. |
|
| 210 |
_aМосква _cМедицина _d1966 |
||
| 215 |
_a632 с. _d26 |
||
| 333 | _aДля служебного пользования | ||
| 702 | 1 |
_aВашков _bВ.И. _4340 |
|
| 710 | 1 | 2 |
_aВсесоюзный съезд эпидемиологов, микробиологов и инфекционистов _d14 _f1964 _eМосква _3RU\NLR\AUTH\889971938 _9440398 |
| 801 | 0 |
_aRU _bNLR _gpsbo |
|
| 801 | 1 |
_aRU _bELAR _2rusmarc |
|
| 852 |
_aNLR _j50К/6286 |
||
| 942 | _cBOOK | ||
| 980 | _aNB | ||